Proces prijímania a adaptácie zamestnancov bakalárska práca

Uložené v:
Podrobná bibliografia
Hlavný autor: Hreško, Patrik
Korporativný autor: Podnikovohospodárska fakulta EU so sídlom v Košiciach. Katedra manažmentu
Ďalší autori: Bobenič Hintošová, Aneta, 1979-
Médium: Kniha
Jazyk:Slovak
Vydavateľské údaje: Košice 2015
Tagy: Pridať tag
Žiadne tagy, Buďte prvý, kto otaguje tento záznam!

MARC

LEADER 00000nbm a2200000 4500
001 0204016
005 20161212094502.0
041 0 |a slo 
044 |a SK 
245 1 0 |a Proces prijímania a adaptácie zamestnancov  |b bakalárska práca  |c Patrik Hreško ; školiteľ: Aneta Bobenič Hintošová 
264 1 |a Košice  |c 2015 
300 |a 51 s. 
100 1 |a Hreško, Patrik 
700 1 |a Bobenič Hintošová, Aneta, 1979- 
710 2 |a Podnikovohospodárska fakulta EU so sídlom v Košiciach. Katedra manažmentu